Final Generation of Battleships - Statistics

General Stats
  • This quiz has been taken 81 times
  • The average score is 35 of 53
Answer Stats
Navy Class Fate Answer % Correct
Marine Nationale Dunkerque Scuttled at Toulon on November 27, 1942. Scrapped in 1955. Dunkerque
98%
Royal Navy King George V Scrapped at Dalmuir in 1959. King George V
98%
Royal Navy Nelson Scrapped at Inverkeithing in 1949. Nelson
98%
Marine Nationale Richelieu Scrapped at La Spezia in 1969. Richelieu
98%
Kriegsmarine Bismarck Scuttled west of Brest after engagement with Royal Navy ships on May 26/27, 1941. Bismarck
92%
Royal Navy Lion Never finished. Work stopped in April 1943. Lion
92%
Royal Navy King George V Sunk by Japanese planes off Kuantan, Malaya on December 10, 1941. Prince of Wales
92%
United States Navy Iowa Preserved as a museum ship at Los Angeles since July 7, 2012. Iowa
90%
United States Navy North Carolina Preserved as a museum ship at Wilmington since April 29, 1962. North Carolina
90%
United States Navy South Dakota Scrapped in 1962. South Dakota
90%
Regia Marina Littorio Scrapped at La Spezia from 1952 to 1954. Littorio
88%
Royal Navy Nelson Scrapped at Inverkeithing in 1948. Rodney
88%
Kriegsmarine Scharnhorst Sunk by Royal Navy ships during Battle of the North Cape on December 26, 1943. Scharnhorst
88%
United States Navy Montana Never started. Cancelled on July 21, 1943. Montana
87%
Kriegsmarine Bismarck Sunk by RAF bombers at Tromsø on November 12, 1944. Tirpitz
87%
United States Navy Iowa Preserved as a museum ship at Pearl Harbour since January 29, 1999. Missouri
85%
Royal Navy King George V
Scrapped at Faslane in 1958.
Duke of York
83%
Imperial Japanese Navy Yamato Sunk by US bombers south of Kyūshū during Operation Ten-Go on April 7, 1945. Yamato
83%
Marine Nationale Alsace Never started due to the Fall of France on June 25, 1940. Alsace
81%
United States Navy Iowa Preserved as a museum ship at Camden since October 15, 2001. New Jersey
81%
Regia Marina Littorio Sunk by radio-guided bombs in the Strait of Bonifacio on September 9, 1943. Roma
81%
Marine Nationale Richelieu Did not see WWII service. Scrapped at Brégaillon in 1970. Jean Bart
79%
Royal Navy King George V Scrapped at Faslane in 1958. Anson
77%
Kriegsmarine Scharnhorst Decommissioned on July 1, 1942 and sunk as a blockship in Gotenhafen [Gdynia] on March 23, 1945. Gneisenau
77%
Royal Navy King George V Scrapped at Inverkeithing in 1958. Howe
77%
Imperial Japanese Navy Yamato Sunk by US bombers during the Battle of Sibuyan Sea [Leyte Gulf] on October 24, 1944. Musashi
77%
United States Navy South Dakota Preserved as a museum ship at Mobile since June 11, 1964. Alabama
75%
Royal Navy - Did not see WWII service. Scrapped at Faslane in 1960. Vanguard
75%
United States Navy Iowa Preserved as a museum ship at Norfolk since April 16, 2010. Wisconsin
75%
Marine Nationale Dunkerque Scuttled at Toulon on November 27, 1942. Scrapped in 1958. Strasbourg
71%
Regia Marina Littorio Scrapped at La Spezia from 1951 to 1954. Vittorio Veneto
71%
United States Navy North Carolina Scrapped in 1961. Washington
71%
Soviet Navy Sovetsky Soyuz Never finished. Cancelled when 19.5% completed and ordered scrapped on May 29, 1948. Sovetsky Soyuz
65%
United States Navy South Dakota Preserved as a museum ship at Fall River since August 14, 1965. Massachusetts
63%
United States Navy South Dakota Scrapped in 1963. Indiana
56%
United States Navy Iowa Never finished. Parts scavenged for other ships and scrapped in 1959. Kentucky
56%
United States Navy Iowa Never finished. Cancelled on August 11, 1945, and scrapped on the slipway in September 1958. Illinois
54%
United States Navy Montana Never started. Cancelled on July 21, 1943. Ohio
52%
Royal Navy Lion Never started. Conqueror
46%
United States Navy Montana Never started. Cancelled on July 21, 1943. Louisiana
44%
United States Navy Montana Never started. Cancelled on July 21, 1943. Maine
44%
Royal Navy Lion Never started. Thunderer
44%
Regia Marina Littorio Never finished. Scrapped in Venice from 1948 to 1950. Impero
40%
Marine Nationale Richelieu Never started. Gascogne
31%
United States Navy Montana Never started. Cancelled on July 21, 1943. New Hampshire
31%
Royal Navy Lion Never finished. Work stopped in April 1943. Temeraire
31%
Marine Nationale Richelieu Never finished and sunk incomplete at Brest on August 27, 1944. Clemenceau
27%
Marine Nationale Alsace Never started due to the Fall of France on June 25, 1940. Bourgogne
25%
Soviet Navy Sovetsky Soyuz Never finished. Work suspended in mid-1940 and cancelled on October 19, 1940. Sovetskaya Belorussiya
25%
Marine Nationale Alsace Never started due to the Fall of France on June 25, 1940. Normandie
23%
Soviet Navy Sovetsky Soyuz Never finished. Cancelled when 0.97% completed and ordered scrapped on March 27, 1947. Sovetskaya Rossiya
23%
Soviet Navy Sovetsky Soyuz Never finished. Cancelled when 17.98% completed, captured on August 18, 1941 and damaged by retreating Germans on March 17, 1944. Ordered scrapped on March 27, 1947. Sovetskaya Ukraina
19%
Marine Nationale Alsace Never started due to the Fall of France on June 25, 1940. Flandre
17%
No matching quizzes found
Score Distribution
Percent of People with Each Score
Percentile by Number Answered
Your Score History
You have not taken this quiz